"Sाुंबक िSाकित्सा आरोग्य, आजार व उपSाार" (Record no. 312010)

MARC details
000 -LEADER
fixed length control field 00736nam a2200169Ia 4500
008 - FIXED-LENGTH DATA ELEMENTS--GENERAL INFORMATION
fixed length control field 090711s9999 xx 000 0 und d
082 ## - DEWEY DECIMAL CLASSIFICATION NUMBER
Item number 65900
100 ## - MAIN ENTRY--PERSONAL NAME
Personal name Sाव्हाण ओमप्रकाश आ.
245 ## - TITLE STATEMENT
Title "Sाुंबक िSाकित्सा आरोग्य, आजार व उपSाार"
260 ## - PUBLICATION, DISTRIBUTION, ETC. (IMPRINT)
Date of publication, distribution, etc 1990
300 ## - PHYSICAL DESCRIPTION
Extent 71
600 ## - SUBJECT ADDED ENTRY--PERSONAL NAME
Personal name Sाव्हाण ओमप्रकाश आ.
630 ## - SUBJECT ADDED ENTRY--UNIFORM TITLE
Uniform title "Sाुंबक िSाकित्सा आरोग्य, आजार व उपSाार"
700 ## - ADDED ENTRY--PERSONAL NAME
Personal name Sाव्हाण ओमप्रकाश आ.
730 ## - ADDED ENTRY--UNIFORM TITLE
Uniform title "Sाुंबक िSाकित्सा आरोग्य, आजार व उपSाार"
942 ## - ADDED ENTRY ELEMENTS (KOHA)
Koha item type Book
Holdings
Withdrawn status Lost status Damaged status Not for loan Home library Current library Date acquired Cost, normal purchase price Total Checkouts Full call number Barcode Date last seen Cost, replacement price Price effective from Koha item type
        Dadar Sarvajanik Vachanalaya, Dardar Dadar Sarvajanik Vachanalaya, Dardar 07/11/2009 12.00   65900 DASAVA-65900 07/11/2009 12.00 07/11/2009 Book